[Event "Titled Tuesday intern op 14th Nov Early"]
[Site "Chess.com INT"]
[Date "2023.11.14"]
[Round "2"]
[White "Kassimov, Baurzhan"]
[Black "Maghsoodloo, Parham"]
[Result "0-1"]
[WhiteElo "2298"]
[BlackElo "2732"]
[PlyCount "82"]
[EventDate "2023.11.14"]
[EventType "swiss (blitz)"]
[EventRounds "11"]
[EventCountry "USA"]
[SourceTitle "CB47_2023"]
[SourceDate "2023.11.22"]
[SourceVersion "1"]
[SourceVersionDate "2023.11.22"]
[SourceQuality "1"]

1. c4 c5 2. Nc3 Nc6 3. g3 g6 4. Bg2 Bg7 5. Nf3 Nh6 6. 0-0 Nf5 7. a3 0-0 8. b4 b6 9. Rb1 Rb8 10. e3 Bxc3 11. dxc3 d6 12. e4 Ng7 13. Bh6 Be6 14. Nd2 Ne5 15. Qe2 f6 16. h3 Rc8 17. b5 Qd7 18. Kh2 Nf7 19. Be3 Kh8 20. f4 f5 21. Rbd1 Rce8 22. Bg1 Qc8 23. Nf3 fxe4 24. Qxe4 Bf5 25. Qe2 e5 26. fxe5 dxe5 27. Be3 e4 28. Ng5 Ne5 29. g4 Be6 30. Nxe6 Qxe6 31. Rd5 h5 32. gxh5 Nf3+ 33. Kh1 Nxh5 34. Qf2 Rf7 35. Rfd1 Kh7 36. Bc1 Ref8 37. Be3 Qe7 38. Bxf3 Rxf3 39. Qe2 Rxh3+ 40. Kg2 Rg3+ 41. Kh2 Qh4# 0-1

[Event "Titled Tuesday intern op 08th Aug Early"]
[Site "Chess.com INT"]
[Date "2023.08.08"]
[Round "1"]
[White "Ashraf, Artin"]
[Black "Kassimov, Baurzhan"]
[Result "1-0"]
[WhiteElo "2352"]
[BlackElo "2298"]
[PlyCount "75"]
[EventDate "2023.08.08"]
[EventType "swiss (blitz)"]
[EventRounds "11"]
[EventCountry "USA"]
[SourceTitle "EXT 2024"]
[Source "ChessBase"]
[SourceDate "2023.10.10"]
[SourceVersion "1"]
[SourceVersionDate "2023.10.10"]
[SourceQuality "1"]

1. e4 e5 2. Nf3 Nc6 3. Bb5 a6 4. Ba4 Nge7 5. 0-0 Ng6 6. Re1 d6 7. c3 Bd7 8. d4 Be7 9. d5 Nb8 10. c4 b5 11. Bb3 0-0 12. Nc3 b4 13. Nb1 c5 14. a3 a5 15. axb4 cxb4 16. c5 dxc5 17. Nbd2 Bb5 18. Bc4 Qd7 19. Qe2 Bxc4 20. Nxc4 Qc7 21. Rd1 Rd8 22. b3 f6 23. h4 Bd6 24. h5 Nf4 25. Bxf4 exf4 26. Nh4 Nd7 27. Nf5 Be5 28. Qg4 Nf8 29. d6 Qd7 30. Nb6 Qb7 31. Nxa8 Bxa1 32. Nc7 g6 33. Rxa1 Qxe4 34. Ne7+ Kg7 35. Rd1 Qe5 36. hxg6 hxg6 37. Nc6 f5 38. Qf3 1-0

[Event "Titled Tuesday intern op 08th Aug Early"]
[Site "Chess.com INT"]
[Date "2023.08.08"]
[Round "2"]
[White "Kassimov, Baurzhan"]
[Black "Kuchava, Ana"]
[Result "1-0"]
[WhiteElo "2298"]
[BlackElo "2101"]
[PlyCount "79"]
[EventDate "2023.08.08"]
[EventType "swiss (blitz)"]
[EventRounds "11"]
[EventCountry "USA"]
[SourceTitle "EXT 2024"]
[Source "ChessBase"]
[SourceDate "2023.10.10"]
[SourceVersion "1"]
[SourceVersionDate "2023.10.10"]
[SourceQuality "1"]

1. c4 e6 2. Nf3 d5 3. g3 Nf6 4. Bg2 d4 5. 0-0 c5 6. b4 cxb4 7. a3 b3 8. Qxb3 Nc6 9. e3 dxe3 10. fxe3 Be7 11. d4 0-0 12. Nbd2 Qc7 13. Bb2 b6 14. Rac1 Bb7 15. e4 e5 16. d5 Bc5+ 17. Kh1 Nd4 18. Qd3 Nxf3 19. Nxf3 Ng4 20. Qe2 f6 21. Ng5 fxg5 22. Qxg4 Qe7 23. Rf5 Bc8 24. Rxf8+ Kxf8 25. Rf1+ Kg8 26. Qh5 Bd7 27. Bh3 Bxh3 28. Qxh3 h6 29. Qf5 Bxa3 30. Bxa3 Qxa3 31. Qxe5 a5 32. d6 Qc5 33. Qxc5 bxc5 34. e5 a4 35. e6 a3 36. d7 a2 37. e7 a1Q 38. Rxa1 Rxa1+ 39. Kg2 Kf7 40. e8Q+ 1-0

[Event "Astana Zhuldyzdary op-A"]
[Site "Astana"]
[Date "2023.07.13"]
[Round "4"]
[White "Kassimov, Baurzhan"]
[Black "Madaminov, Mukhiddin"]
[Result "0-1"]
[WhiteElo "2304"]
[BlackElo "2471"]
[PlyCount "184"]
[EventDate "2023.07.11"]
[EventType "swiss"]
[EventRounds "10"]
[EventCountry "KAZ"]
[SourceTitle "CBM 215 Extra"]
[Source "ChessBase"]
[SourceDate "2023.09.30"]
[SourceVersion "1"]
[SourceVersionDate "2023.09.30"]
[SourceQuality "1"]

1. c4 g6 2. Nc3 c5 3. g3 Bg7 4. Bg2 Nc6 5. Nf3 e6 6. 0-0 Nge7 7. d3 0-0 8. Bd2 d5 9. a3 b6 10. Rb1 Bb7 11. Qc1 d4 12. Na4 Qd7 13. b4 Nd8 14. Qc2 Bc6 15. b5 Bb7 16. e3 e5 17. exd4 exd4 18. Rfe1 f6 19. Nb2 g5 20. a4 Ng6 21. h3 h5 22. Qd1 g4 23. hxg4 hxg4 24. Nh2 Bxg2 25. Kxg2 f5 26. f4 Ne6 27. Qe2 Rae8 28. Qf1 Kf7 29. Kg1 Rh8 30. Qg2 Rh3 31. Nf1 Reh8 32. Qd5 Qxd5 33. cxd5 Nc7 34. d6 Nd5 35. Nc4 Rd8 36. a5 bxa5 37. Ra1 Ne3 38. Rxa5 Rd7 39. Rea1 Nxf1 40. Kxf1 Rh1+ 41. Kf2 Rxa1 42. Rxa1 Bf8 43. Ne5+ Nxe5 44. fxe5 Ke6 45. Bf4 Bg7 46. Rh1 Rf7 47. Rh7 Rd7 48. Ke2 Rf7 49. Kd1 Rd7 50. Kc2 Bxe5 51. Rxd7 Bxf4 52. Rxa7 Bxg3 53. d7 Ke7 54. b6 f4 55. Ra8 Kxd7 56. b7 f3 57. Kd1 c4 58. dxc4 d3 59. Kd2 Bf4+ 60. Kxd3 g3 61. Rf8 g2 62. Rxf4 Kc7 63. Rf7+ Kb8 64. Rxf3 g1Q 65. Re3 Qg6+ 66. Kc3 Kxb7 67. Rd3 Qg7+ 68. Kb3 Kc6 69. Rd5 Qe7 70. Rb5 Qe3+ 71. Kb4 Qd4 72. Kb3 Qe3+ 73. Kb4 Kd6 74. Rd5+ Ke6 75. Rb5 Qd2+ 76. Kb3 Qe2 77. Rd5 Qe3+ 78. Ka4 Qc3 79. Kb5 Qa3 80. Rh5 Qb3+ 81. Kc5 Qe3+ 82. Kb5 Qg3 83. Rd5 Qf2 84. Ka4 Ke7 85. Rb5 Qe3 86. Rd5 Qc3 87. Rc5 Kd6 88. Rd5+ Kc6 89. Rc5+ Kb6 90. Rb5+ Ka6 91. Rc5 Qc2+ 92. Kb4 Qd2+ 0-1

[Event "Astana Zhuldyzdary op-A"]
[Site "Astana"]
[Date "2023.07.12"]
[Round "3"]
[White "Goganov, Aleksey"]
[Black "Kassimov, Baurzhan"]
[Result "1/2-1/2"]
[WhiteElo "2531"]
[BlackElo "2304"]
[PlyCount "90"]
[EventDate "2023.07.11"]
[EventType "swiss"]
[EventRounds "10"]
[EventCountry "KAZ"]
[SourceTitle "CBM 215 Extra"]
[Source "ChessBase"]
[SourceDate "2023.09.30"]
[SourceVersion "1"]
[SourceVersionDate "2023.09.30"]
[SourceQuality "1"]

1. d4 Nf6 2. c4 b6 3. Nc3 Bb7 4. Qc2 d5 5. cxd5 Nxd5 6. Nf3 Nxc3 7. bxc3 Nd7 8. e4 e5 9. Bc4 Bd6 10. Bg5 Be7 11. h4 h6 12. Be3 Bd6 13. dxe5 Nxe5 14. Nxe5 Bxe5 15. f4 Bd6 16. e5 Qe7 17. 0-0-0 Ba3+ 18. Kb1 0-0 19. h5 Bc5 20. Bxc5 Qxc5 21. Rd4 b5 22. Bb3 b4 23. Rxb4 Rab8 24. Rd1 a5 25. Rbd4 Bc8 26. Ka1 Bg4 27. Re1 Bf5 28. Qd2 Qe7 29. Bc2 Bxc2 30. Qxc2 Qh4 31. Qe2 Qg3 32. Qe3 Qxg2 33. Rd2 Qg4 34. Rg1 Qxh5 35. Rdg2 Qf5 36. Rxg7+ Kh8 37. e6 fxe6 38. Qd4 e5 39. Qxe5 Qxe5 40. fxe5 Rf1+ 41. Rxf1 Kxg7 42. Rg1+ Kf7 43. Rf1+ Kg7 44. Rg1+ Kf7 45. Rf1+ Kg7 1/2-1/2

[Event "Titled Tuesday intern op 17th Jan Early"]
[Site "Chess.com INT"]
[Date "2023.01.17"]
[Round "1"]
[White "Kassimov, Baurzhan"]
[Black "Lenderman, Aleksandr"]
[Result "0-1"]
[WhiteElo "2294"]
[BlackElo "2572"]
[PlyCount "102"]
[EventDate "2023.01.17"]
[EventType "swiss (blitz)"]
[EventRounds "11"]
[EventCountry "USA"]
[SourceTitle "CBM 212 Extra"]
[Source "ChessBase"]
[SourceDate "2023.03.31"]
[SourceVersion "1"]
[SourceVersionDate "2023.03.31"]
[SourceQuality "1"]

1. d4 e6 2. Nf3 b6 3. g3 Bb7 4. Bg2 c5 5. 0-0 cxd4 6. Qxd4 Nf6 7. c4 Bc5 8. Qh4 0-0 9. Nc3 Be7 10. Qd4 d6 11. Rd1 a6 12. Bg5 Nbd7 13. Bxf6 Nxf6 14. Ng5 Bxg2 15. Kxg2 Qc7 16. Rac1 Rfd8 17. Nge4 Qc6 18. Kg1 Rac8 19. b3 h6 20. h3 Nxe4 21. Nxe4 f5 22. Nc3 Bf6 23. Qe3 Kf7 24. Qd3 Qb7 25. e4 Bxc3 26. Qxc3 Qxe4 27. Rd4 Qc6 28. Rcd1 b5 29. Qb4 Qc5 30. Qxc5 Rxc5 31. Rxd6 Rxd6 32. Rxd6 bxc4 33. bxc4 a5 34. Ra6 g5 35. Kg2 Kf6 36. Kf3 h5 37. Ke3 Rxc4 38. Rxa5 Re4+ 39. Kd3 Re1 40. a4 Rh1 41. Ra8 h4 42. a5 hxg3 43. fxg3 Rxh3 44. a6 Rxg3+ 45. Kc2 Ra3 46. a7 Ke5 47. Kb2 Ra6 48. Kc2 g4 49. Kd3 Ra2 50. Ke3 f4+ 51. Kd3 g3 0-1

[Event "Atyrau op"]
[Site "Atyrau"]
[Date "2022.08.21"]
[Round "7"]
[White "Makhnev, Denis"]
[Black "Kassimov, Baurzhan"]
[Result "1-0"]
[WhiteElo "2482"]
[BlackElo "2285"]
[PlyCount "43"]
[EventDate "2022.08.15"]
[EventType "swiss"]
[EventRounds "9"]
[EventCountry "KAZ"]
[SourceTitle "CBM 210 Extra"]
[Source "ChessBase"]
[SourceDate "2022.11.30"]
[SourceVersion "1"]
[SourceVersionDate "2022.11.30"]
[SourceQuality "1"]

1. d4 Nf6 2. c4 g6 3. g3 Bg7 4. Bg2 0-0 5. Nc3 d6 6. Nf3 Nc6 7. 0-0 a6 8. b3 Rb8 9. d5 Na5 10. Bg5 c6 11. dxc6 bxc6 12. c5 h6 13. Bd2 dxc5 14. Qc1 Nd5 15. Nxd5 cxd5 16. Bxh6 Qb6 17. Bxg7 Kxg7 18. Qe3 e6 19. Ne5 d4 20. Qg5 Rh8 21. Qe7 Rf8 22. Nxg6 1-0

[Event "Titled Tuesday intern op 20th July"]
[Site "Chess.com INT"]
[Date "2021.07.20"]
[Round "2"]
[White "Kassimov, Baurzhan"]
[Black "Le, Tuan Minh"]
[Result "0-1"]
[WhiteElo "2363"]
[BlackElo "2514"]
[PlyCount "74"]
[EventDate "2021.07.20"]
[EventType "swiss (blitz)"]
[EventRounds "11"]
[EventCountry "USA"]
[SourceTitle "CBM 203 Extra"]
[Source "ChessBase"]
[SourceDate "2021.09.30"]
[SourceVersion "1"]
[SourceVersionDate "2021.09.30"]
[SourceQuality "1"]

1. e4 c5 2. Nf3 Nf6 3. Nc3 d5 4. Bb5+ Bd7 5. e5 Bxb5 6. Nxb5 Qd7 7. Qe2 a6 8. exf6 Qxb5 9. Qe5 gxf6 10. Qxd5 Rg8 11. g3 e6 12. Qe4 Qc6 13. d3 f5 14. Qe2 Bg7 15. 0-0 Nd7 16. Rb1 Bf6 17. b4 Rc8 18. c4 Kf8 19. b5 axb5 20. Rxb5 Kg7 21. Bb2 Bxb2 22. Qxb2+ f6 23. Rxb7 Rb8 24. Rb1 Kh8 25. Nd2 Rbd8 26. Qb5 Qd6 27. Nf3 Qxd3 28. Qc6 Qe4 29. Qxe4 fxe4 30. Nh4 Ne5 31. Rc7 Rg7 32. Rxg7 Kxg7 33. Rb7+ Kh6 34. Re7 Rd6 35. a4 Ra6 36. Rc7 Ra5 37. Rxc5 Rxc5 0-1

[Event "Titled Tuesday intern op 29th June"]
[Site "Chess.com INT"]
[Date "2021.06.29"]
[Round "5"]
[White "Henderson de la Fuente, Lance"]
[Black "Kassimov, Baurzhan"]
[Result "1-0"]
[WhiteElo "2491"]
[BlackElo "2363"]
[PlyCount "83"]
[EventDate "2021.06.29"]
[EventType "swiss (blitz)"]
[EventRounds "11"]
[EventCountry "USA"]
[SourceTitle "CBM 203 Extra"]
[Source "ChessBase"]
[SourceDate "2021.09.30"]
[SourceVersion "1"]
[SourceVersionDate "2021.09.30"]
[SourceQuality "1"]

1. e4 c5 2. Nc3 a6 3. a4 Nc6 4. Nf3 g6 5. h4 Nf6 6. Bc4 Bg7 7. d3 h6 8. Bf4 e6 9. Ba2 d5 10. Qd2 Nd4 11. 0-0-0 b5 12. exd5 Nxf3 13. gxf3 exd5 14. Be5 0-0 15. Bxf6 Qxf6 16. d4 Be6 17. Bxd5 cxd4 18. Ne4 Qe5 19. Bxa8 Rxa8 20. Rhe1 Qd5 21. Qb4 Rc8 22. axb5 axb5 23. Nc3 Qa8 24. Rxd4 Qa1+ 25. Kd2 Qa7 26. Nxb5 Qb6 27. c3 Rb8 28. Nd6 Bxd4 29. Qxd4 Qxb2+ 30. Ke3 Rd8 31. Rd1 Bf5 32. Rd2 Qb8 33. Kf4 Qc7 34. Kg3 Rd7 35. f4 Qd8 36. c4 Be6 37. c5 Rc7 38. Qe5 Qe7 39. Ne4 Rd7 40. Nf6+ Kf8 41. Nxd7+ Bxd7 42. Qh8# 1-0

[Event "Titled Tuesday intern op 29th June"]
[Site "Chess.com INT"]
[Date "2021.06.29"]
[Round "6"]
[White "Kassimov, Baurzhan"]
[Black "Deepan Chakkravarthy, J."]
[Result "0-1"]
[WhiteElo "2363"]
[BlackElo "2535"]
[PlyCount "90"]
[EventDate "2021.06.29"]
[EventType "swiss (blitz)"]
[EventRounds "11"]
[EventCountry "USA"]
[SourceTitle "CBM 203 Extra"]
[Source "ChessBase"]
[SourceDate "2021.09.30"]
[SourceVersion "1"]
[SourceVersionDate "2021.09.30"]
[SourceQuality "1"]

1. e4 c5 2. Nf3 e6 3. g3 d6 4. Bg2 Nf6 5. d3 Be7 6. 0-0 0-0 7. c3 Nc6 8. Qe2 e5 9. Na3 Rb8 10. Nc2 b5 11. d4 Bg4 12. Rd1 Qc7 13. h3 Bxf3 14. Bxf3 a5 15. d5 Na7 16. a4 b4 17. Ne3 Nc8 18. Qa6 Qb6 19. Qxb6 Nxb6 20. Bg2 Rfe8 21. f3 Bf8 22. Bf1 g6 23. cxb4 cxb4 24. b3 Nfd7 25. Bb5 Rec8 26. Nc4 Nxc4 27. Bxc4 Be7 28. Kf2 Bd8 29. Ke2 Bb6 30. Bb2 Nc5 31. Rac1 Re8 32. Kd2 f5 33. exf5 gxf5 34. Kc2 Kf7 35. Kb1 h5 36. g4 hxg4 37. hxg4 f4 38. Rh1 Rh8 39. Ka2 Kg6 40. Rce1 Rbg8 41. Be2 Kg7 42. Bc4 Nd7 43. Bb5 Nf6 44. Bd3 Rxh1 45. Rxh1 Rh8 0-1

[Event "Titled Tuesday intern op 06th Oct"]
[Site "Chess.com INT"]
[Date "2020.10.06"]
[Round "4"]
[White "Kassimov, Baurzhan"]
[Black "Samadov, Read"]
[Result "0-1"]
[WhiteElo "2363"]
[BlackElo "2332"]
[PlyCount "60"]
[EventDate "2020.10.06"]
[EventType "swiss (blitz)"]
[EventRounds "10"]
[EventCountry "USA"]
[SourceTitle "CBM 198 Extra"]
[Source "ChessBase"]
[SourceDate "2020.11.30"]
[SourceVersion "1"]
[SourceVersionDate "2020.11.30"]
[SourceQuality "1"]

1. Nc3 d5 2. e4 d4 3. Nce2 c5 4. Ng3 Nc6 5. Nf3 e6 6. Bb5 Bd7 7. 0-0 Bd6 8. d3 Nge7 9. a4 0-0 10. Ng5 h6 11. Nh3 e5 12. Qh5 Qc8 13. f3 Bxh3 14. gxh3 f5 15. Bc4+ Kh7 16. f4 exf4 17. Bxf4 Bxf4 18. Rxf4 g5 19. Rxf5 Nxf5 20. Nxf5 Rf6 21. Kh1 Qe8 22. Qd1 Qe5 23. Qg4 Raf8 24. Rf1 Ne7 25. h4 Nxf5 26. exf5 Rxf5 27. Rg1 Rf4 28. Qd7+ Kh8 29. hxg5 Rh4 30. h3 Qe3 0-1

[Event "Titled Tuesday intern op 01st Sept"]
[Site "Chess.com INT"]
[Date "2020.09.01"]
[Round "5"]
[White "Efremov, Vladislav"]
[Black "Kassimov, Baurzhan"]
[Result "1-0"]
[WhiteElo "2188"]
[BlackElo "2363"]
[PlyCount "31"]
[EventDate "2020.09.01"]
[EventType "swiss (blitz)"]
[EventRounds "10"]
[EventCountry "USA"]
[SourceTitle "CBM 198 Extra"]
[Source "ChessBase"]
[SourceDate "2020.11.30"]
[SourceVersion "1"]
[SourceVersionDate "2020.11.30"]
[SourceQuality "1"]

1. d4 Nf6 2. c4 b6 3. a3 Bb7 4. d5 e6 5. Nc3 Bd6 6. g3 0-0 7. Bg2 c6 8. Nh3 Na6 9. 0-0 Nc7 10. e4 exd5 11. exd5 cxd5 12. Nf4 Bxf4 13. Bxf4 Bc6 14. cxd5 Bb7 15. d6 Bxg2 16. dxc7 1-0

[Event "Titled Tuesday intern op 01st Sept"]
[Site "Chess.com INT"]
[Date "2020.09.01"]
[Round "1"]
[White "Kamara, Ansumana"]
[Black "Kassimov, Baurzhan"]
[Result "0-1"]
[WhiteElo "1899"]
[BlackElo "2363"]
[PlyCount "136"]
[EventDate "2020.09.01"]
[EventType "swiss (blitz)"]
[EventRounds "10"]
[EventCountry "USA"]
[SourceTitle "CBM 198 Extra"]
[Source "ChessBase"]
[SourceDate "2020.11.30"]
[SourceVersion "1"]
[SourceVersionDate "2020.11.30"]
[SourceQuality "1"]

1. e4 Nf6 2. e5 Nd5 3. c4 Nb6 4. d4 d6 5. exd6 exd6 6. Nc3 Be7 7. Be3 0-0 8. Rc1 Nc6 9. b3 Bf6 10. Nf3 Bg4 11. Be2 d5 12. c5 Nc8 13. 0-0 h6 14. h3 Bh5 15. a3 a5 16. Qd2 N8e7 17. a4 Nf5 18. Nb5 Nxe3 19. fxe3 Re8 20. Rce1 Rc8 21. Bd1 Bg6 22. Bc2 Bxc2 23. Qxc2 Qd7 24. Qd2 Re6 25. Nh2 Rce8 26. Ng4 Bg5 27. Rf3 h5 28. Nf2 Qe7 29. Nd1 Re4 30. Nbc3 Rxd4 31. exd4 Qxe1+ 32. Qxe1 Rxe1+ 33. Rf1 Rxf1+ 34. Kxf1 Nxd4 35. Nxd5 c6 36. Nb6 Nxb3 37. Nc4 Be7 38. Nc3 Bxc5 39. Ne4 b5 40. axb5 cxb5 41. Nxc5 Nxc5 42. Nxa5 f5 43. Ke2 Kf7 44. Ke3 Kf6 45. Kd4 Ne6+ 46. Kd5 Nf4+ 47. Kc5 Nxg2 48. Kxb5 Nf4 49. Kc4 Nxh3 50. Kd3 g5 51. Ke3 g4 52. Nc4 Kg5 53. Ne5 f4+ 54. Ke2 Kf5 55. Nd3 f3+ 56. Kf1 Nf4 57. Nf2 g3 58. Nd1 g2+ 59. Kf2 Nh3+ 60. Kxf3 g1Q 61. Ne3+ Kg5 62. Ng2 Qf2+ 63. Ke4 Qxg2+ 64. Ke3 Qd5 65. Ke2 Nf4+ 66. Kf2 Qd2+ 67. Kf3 Qe2+ 68. Kg3 Qg2# 0-1

[Event "Titled Tuesday intern op 25th Aug"]
[Site "Chess.com INT"]
[Date "2020.08.25"]
[Round "10"]
[White "Kassimov, Baurzhan"]
[Black "Stoyanov, Tsvetan"]
[Result "0-1"]
[WhiteElo "2363"]
[BlackElo "2387"]
[PlyCount "153"]
[EventDate "2020.08.25"]
[EventType "swiss (blitz)"]
[EventRounds "10"]
[EventCountry "USA"]
[SourceTitle "CBM 198 Extra"]
[Source "ChessBase"]
[SourceDate "2020.11.30"]
[SourceVersion "1"]
[SourceVersionDate "2020.11.30"]
[SourceQuality "1"]

1. d4 Nf6 2. Nf3 e6 3. Bf4 d5 4. e3 c5 5. c3 Nc6 6. Nbd2 Bd6 7. Ne5 Qc7 8. Bb5 a6 9. Bxc6+ bxc6 10. 0-0 c4 11. Qf3 a5 12. e4 Bb7 13. Rfe1 0-0 14. Bg3 c5 15. exd5 Bxd5 16. Qe3 cxd4 17. cxd4 Rab8 18. Rac1 Qb7 19. Nexc4 Bxg3 20. Qxg3 Rfc8 21. b3 a4 22. h3 axb3 23. axb3 Qb4 24. Rc3 h6 25. Rec1 Ra8 26. Qe3 Ra2 27. R3c2 Rca8 28. Ne5 Rxc2 29. Rxc2 Ra1+ 30. Kh2 Qb8 31. f4 Ra7 32. Qc3 Kh7 33. Qd3+ g6 34. Qg3 Rb7 35. Rc3 Nh5 36. Qh4 Qa7 37. Nef3 Qa1 38. Rc8 Rd7 39. Ne5 Qxd4 40. Nxd7 Qxd2 41. Qg4 Be4 42. Rd8 Qf2 43. Nf8+ Kg7 44. Nxe6+ fxe6 45. Rd7+ Kf6 46. Rd8 Qxf4+ 47. Qxf4+ Nxf4 48. b4 Nxg2 49. b5 Nf4 50. b6 Ke7 51. Rh8 h5 52. b7 Bxb7 53. Rh7+ Kf6 54. Rxb7 e5 55. h4 Kf5 56. Kg3 Ne2+ 57. Kf3 Nd4+ 58. Ke3 Nc2+ 59. Kd3 Ne1+ 60. Ke2 Ng2 61. Rb4 e4 62. Rb5+ Kf4 63. Rg5 Nxh4 64. Rg1 g5 65. Kf2 e3+ 66. Ke2 g4 67. Rh1 Nf5 68. Rf1+ Ke4 69. Ra1 Nd4+ 70. Kf1 h4 71. Kg2 Kd3 72. Ra3+ Kd2 73. Ra2+ Nc2 74. Kh2 e2 75. Kg2 e1Q 76. Rxc2+ Kxc2 77. Kh2 0-1

[Event "Astana op"]
[Site "Astana"]
[Date "2019.07.15"]
[Round "6"]
[White "Sadubayev, Airat"]
[Black "Kassimov, Baurzhan"]
[Result "1/2-1/2"]
[WhiteElo "2179"]
[BlackElo "2364"]
[PlyCount "40"]
[EventDate "2019.07.09"]
[EventType "swiss"]
[EventRounds "9"]
[EventCountry "KAZ"]
[SourceTitle "EXT 2020"]
[Source "ChessBase"]
[SourceDate "2019.10.17"]
[SourceVersion "1"]
[SourceVersionDate "2019.10.17"]
[SourceQuality "1"]

1. e4 c5 2. Nf3 d6 3. d4 Nf6 4. Nc3 cxd4 5. Nxd4 a6 6. h3 g6 7. g4 Bg7 8. Bg2 0-0 9. 0-0 Nc6 10. Nde2 Nd7 11. Be3 Nb6 12. b3 a5 13. Nd5 Nd7 14. Rc1 Nb4 15. c3 Nxd5 16. exd5 Nc5 17. Nd4 Bd7 18. Re1 Rc8 19. Qd2 Re8 20. Re2 Qc7 1/2-1/2

[Event "Astana op"]
[Site "Astana"]
[Date "2017.07.23"]
[Round "3"]
[White "Jumabayev, Rinat"]
[Black "Kassimov, Baurzhan"]
[Result "1-0"]
[WhiteElo "2620"]
[BlackElo "2373"]
[PlyCount "131"]
[EventDate "2017.07.21"]
[EventType "swiss"]
[EventRounds "9"]
[EventCountry "KAZ"]
[SourceTitle "CBM 179 Extra"]
[Source "ChessBase"]
[SourceDate "2017.08.23"]
[SourceVersion "1"]
[SourceVersionDate "2017.08.23"]
[SourceQuality "1"]

1. d4 Nf6 2. c4 b6 3. Nf3 Bb7 4. g3 g6 5. Bg2 Bg7 6. d5 Ne4 7. Qc2 f5 8. Ng5 Nxg5 9. Bxg5 Na6 10. Nc3 Nc5 11. e4 0-0 12. exf5 Rxf5 13. Be3 c6 14. dxc6 Bxc6 15. 0-0 Bxg2 16. Kxg2 Qc8 17. Rad1 Qc6+ 18. Kg1 Bxc3 19. Qxc3 Raf8 20. Qc2 Ne4 21. Rd4 Nd6 22. Rfd1 b5 23. b3 bxc4 24. bxc4 Rc5 25. Bh6 Nf5 26. Bxf8 Nxd4 27. Rxd4 Kxf8 28. Qd2 Kg8 29. Rxd7 Rxc4 30. Rxe7 Rc1+ 31. Re1 Rxe1+ 32. Qxe1 h5 33. Qd2 a6 34. h3 Kh7 35. Qd4 Qe6 36. Qa7+ Kg8 37. a4 Qd6 38. a5 Qd1+ 39. Kh2 Qd3 40. Qa8+ Kg7 41. Qb7+ Kg8 42. Qc6 Kg7 43. Kg2 Kg8 44. Qe6+ Kg7 45. Qe5+ Kg8 46. g4 hxg4 47. hxg4 Qc4 48. Kg3 Qd3+ 49. f3 Kf7 50. Qf4+ Kg7 51. Qc7+ Kg8 52. Qe7 Qb5 53. Qd8+ Kf7 54. Qc7+ Kg8 55. Kh4 Qd3 56. f4 Qb5 57. Qe5 Qc6 58. Qb8+ Kf7 59. Qa7+ Kg8 60. Qb6 Qe4 61. Kg5 Kh7 62. Qc7+ Kg8 63. Qe5 Qd3 64. Qe6+ Kh7 65. Qf7+ Kh8 66. Qf8+ 1-0

[Event "Karaganda Akim Cup 2nd"]
[Site "Karaganda"]
[Date "2016.11.06"]
[Round "6"]
[White "Kassimov, Baurzhan"]
[Black "Malyi, Viacheslav"]
[Result "1-0"]
[WhiteElo "2401"]
[BlackElo "2314"]
[PlyCount "81"]
[EventDate "2016.11.01"]
[EventType "tourn"]
[EventRounds "9"]
[EventCountry "KAZ"]
[EventCategory "3"]
[SourceTitle "CBM 175 Extra"]
[Source "ChessBase"]
[SourceDate "2016.12.12"]
[SourceVersion "1"]
[SourceVersionDate "2016.12.12"]
[SourceQuality "1"]

1. e4 e5 2. Nf3 Nc6 3. d4 exd4 4. Nxd4 Nf6 5. Nxc6 bxc6 6. Qe2 Qe7 7. Nc3 d6 8. Bf4 Nd7 9. Be3 Rb8 10. 0-0-0 g6 11. Bd4 Bh6+ 12. Kb1 0-0 13. h4 Bg7 14. Bxg7 Kxg7 15. h5 g5 16. h6+ Kh8 17. Qd2 Ne5 18. Be2 Be6 19. f3 f5 20. exf5 Rxf5 21. Bd3 Rf4 22. a3 Nxd3 23. Qxd3 Bf5 24. Qa6 Qe6 25. Ne4 Qe5 26. b3 Bxe4 27. fxe4 Qc5 28. Rhf1 Rbf8 29. g3 Rxf1 30. Rxf1 Rxf1+ 31. Qxf1 Kg8 32. g4 Qe5 33. Qf5 Qe7 34. a4 Qd8 35. a5 d5 36. e5 Qe7 37. e6 d4 38. a6 d3 39. cxd3 c5 40. Kc2 c6 41. Qe5 1-0

[Event "Almaty op"]
[Site "Almaty"]
[Date "2016.10.11"]
[Round "6"]
[White "Daurimbetov, Azamat"]
[Black "Kassimov, Baurzhan"]
[Result "1-0"]
[WhiteElo "2293"]
[BlackElo "2401"]
[PlyCount "58"]
[EventDate "2016.10.06"]
[EventType "swiss"]
[EventRounds "9"]
[EventCountry "KAZ"]
[SourceTitle "EXT 2017"]
[Source "ChessBase"]
[SourceDate "2016.10.25"]
[SourceVersion "1"]
[SourceVersionDate "2016.10.25"]
[SourceQuality "1"]

1. c4 Nf6 2. g3 g6 3. Bg2 Bg7 4. Nc3 0-0 5. d4 d6 6. Nf3 c5 7. 0-0 Nc6 8. d5 Na5 9. Nd2 e6 10. Rb1 exd5 11. cxd5 Ne8 12. Qc2 Bd7 13. b3 b5 14. Bb2 b4 15. Nd1 Nb7 16. Nc4 Bb5 17. e4 Na5 18. Nde3 Nxc4 19. Nxc4 Bxb2 20. Rxb2 Nf6 21. f4 Bxc4 22. Qxc4 Nd7 23. Re2 Re8 24. Qc2 Qb6 25. Kh1 Rad8 26. Rfe1 Qc7 27. Qd3 Nb6 28. e5 dxe5 29. fxe5 c4 1-0

[Event "Almaty op"]
[Site "Almaty"]
[Date "2016.10.10"]
[Round "5"]
[White "Kassimov, Baurzhan"]
[Black "Akhmetov, Ayan"]
[Result "1/2-1/2"]
[WhiteElo "2401"]
[BlackElo "2305"]
[PlyCount "37"]
[EventDate "2016.10.06"]
[EventType "swiss"]
[EventRounds "9"]
[EventCountry "KAZ"]
[SourceTitle "EXT 2017"]
[Source "ChessBase"]
[SourceDate "2016.10.25"]
[SourceVersion "1"]
[SourceVersionDate "2016.10.25"]
[SourceQuality "1"]

1. e4 Nf6 2. e5 Nd5 3. d4 Nb6 4. Nf3 d6 5. Be2 Bg4 6. h3 Bf5 7. 0-0 e6 8. exd6 cxd6 9. c4 Be7 10. Nc3 0-0 11. Be3 N8d7 12. Rc1 Rc8 13. b3 Nf6 14. Bd3 Bg6 15. Bxg6 hxg6 16. Qd3 Re8 17. Rfe1 Bf8 18. Bf4 Nbd7 19. Nb5 1/2-1/2